Normal view
MARC view
Entry Nome pessoal
001 - NÚMERO DE CONTROLE
- campo de controle: 336
003 - IDENTIFICADOR DO NÚMERO DE CONTROLE
- campo de controle: Br
005 - DATA E HORÁRIO DA ÚLTIMA TRANSAÇÃO
- campo de controle: 20250131075436.0
008 - CAMPO DE DADOS FIXOS
- campo de controle de tamanho fixo: 970807n| acnnnaab| aaaa |d
024 7# - OUTRO IDENTIFICADOR PADRÃO
- Número padrão ou código: http://viaf.org/viaf/56608054
- Fonte: VIAF
024 7# - OUTRO IDENTIFICADOR PADRÃO
- Número padrão ou código: http://id.loc.gov/authorities/names/n81043521
- Fonte: LCCN
035 ## - NÚMERO DE CONTROLE DO SISTEMA
- Número de Controle do Sistema: 97080709415514001
040 ## - FONTE DA CATALOGAÇÃO
- Instituição da catalogação original: Br
- Instituição que transcreveu o registro: Br
- Idioma da catalogação: por
100 1# - CABEÇALHO--NOME PESSOAL
- Nome pessoal: Cussler, Clive,
- Datas associadas ao nome: 1931-2020
400 1# - REMISSIVA VER--NOME PESSOAL
- Nome pessoal: Cussler, Clive Eric,
- Datas associadas ao nome: 1931-2020
670 ## - FONTE POSITIVA DOS DADOS
- Citação da fonte positiva dos dados: Autor de: Cyclops. [1988?]
670 ## - FONTE POSITIVA DOS DADOS
- Citação da fonte positiva dos dados: VIAF 01/10/2020
- Dados encontrados na fonte localizada no subcampo: (d.n., d.m.; rem.)
670 ## - FONTE POSITIVA DOS DADOS
- Citação da fonte positiva dos dados: LC authorities 01/10/2020
- Dados encontrados na fonte localizada no subcampo: (d.n.)
670 ## - FONTE POSITIVA DOS DADOS
- Citação da fonte positiva dos dados: https://da.wikipedia.org/wiki/Clive_Cussler 01/10/2020
- Dados encontrados na fonte localizada no subcampo: (foi um escritor norte-americano que escreveu numerosos romances de suspense e ação que se tornaram best-sellers; cresceu em Alhambra, Califórnia; estudou no Pasadena City College por dois anos; foi um arqueólogo marinho/caçador de tesouros, aventureiro e veterano colecionador de carros).